<?xml version="1.0" encoding="UTF-8"?>
<record
    xmlns:xsi="http://www.w3.org/2001/XMLSchema-instance"
    xsi:schemaLocation="http://www.loc.gov/MARC21/slim http://www.loc.gov/standards/marcxml/schema/MARC21slim.xsd"
    xmlns="http://www.loc.gov/MARC21/slim">

  <leader>00893nam a22001937a 4500</leader>
  <controlfield tag="003">OSt</controlfield>
  <controlfield tag="005">20181101090738.0</controlfield>
  <controlfield tag="008">180307b        xxu||||| |||| 00| 0 spa d</controlfield>
  <datafield tag="040" ind1=" " ind2=" ">
    <subfield code="c">PJ</subfield>
  </datafield>
  <datafield tag="100" ind1=" " ind2=" ">
    <subfield code="9">2227</subfield>
    <subfield code="a">Scotti, Edgardo O.</subfield>
  </datafield>
  <datafield tag="245" ind1="1" ind2="0">
    <subfield code="a">Derecho registral inmobiliario :</subfield>
    <subfield code="b">Modalidades y efectos de las observaciones registrales/</subfield>
    <subfield code="c">Edgardo O. Scotti;  prologo de Alberto D. Molinario.</subfield>
  </datafield>
  <datafield tag="260" ind1=" " ind2=" ">
    <subfield code="a">Buenos Aires :</subfield>
    <subfield code="b">Univerdad; </subfield>
    <subfield code="c">1980.</subfield>
  </datafield>
  <datafield tag="300" ind1=" " ind2=" ">
    <subfield code="a">235 p.;</subfield>
    <subfield code="c">23 cm. </subfield>
  </datafield>
  <datafield tag="504" ind1=" " ind2=" ">
    <subfield code="a">Bibliograf&#xED;a: p 221-226.
</subfield>
  </datafield>
  <datafield tag="505" ind1=" " ind2=" ">
    <subfield code="a">Principio de legalidad -- Funci&#xF3;n de calificaci&#xF3;n -- Amplitud y limites -- Modalidades y recaudos de la calificaci&#xF3;n -- Desistimiento -- Aspectos calificables -- Efectos de la calificaci&#xF3;n -- Revisi&#xF3;n de la calificaci&#xF3;n -- Documentos judiciales.</subfield>
  </datafield>
  <datafield tag="650" ind1=" " ind2="0">
    <subfield code="9">352</subfield>
    <subfield code="a">DERECHO CIVIL</subfield>
  </datafield>
  <datafield tag="650" ind1=" " ind2="0">
    <subfield code="9">1821</subfield>
    <subfield code="a">DERECHOS REALES</subfield>
  </datafield>
  <datafield tag="942" ind1=" " ind2=" ">
    <subfield code="2">udc</subfield>
    <subfield code="c">LIB</subfield>
    <subfield code="h">347..235 </subfield>
    <subfield code="i">SCO</subfield>
  </datafield>
  <datafield tag="999" ind1=" " ind2=" ">
    <subfield code="c">1485</subfield>
    <subfield code="d">1485</subfield>
  </datafield>
  <datafield tag="952" ind1=" " ind2=" ">
    <subfield code="0">0</subfield>
    <subfield code="1">0</subfield>
    <subfield code="2">udc</subfield>
    <subfield code="4">0</subfield>
    <subfield code="7">0</subfield>
    <subfield code="a">DJS</subfield>
    <subfield code="b">DJS</subfield>
    <subfield code="d">2018-09-18</subfield>
    <subfield code="l">1</subfield>
    <subfield code="o">347.235 SCO</subfield>
    <subfield code="p">2904</subfield>
    <subfield code="r">2026-03-25</subfield>
    <subfield code="s">2025-12-09</subfield>
    <subfield code="w">2018-09-18</subfield>
    <subfield code="y">LIB</subfield>
  </datafield>
</record>
